Twenty One Pilots— Jumpsuit Lyrics Quiz - Statistics

General Stats
  • This quiz has been taken 338 times
  • The average score is 180 of 214
Answer Stats
Lyrics % Correct
cover
99%
me
99%
I
98%
jumpsuit
98%
a
96%
be
95%
my
95%
can't
93%
how
92%
much
92%
believe
91%
the
91%
hate
90%
new
90%
way
90%
of
89%
you
87%
in
84%
pressures
83%
I'll
82%
place
82%
there
82%
right
80%
if
79%
to
78%
and
77%
need
77%
roll
77%
anyone
76%
have
75%
air
74%
but
73%
lift
72%
you'll
71%
grab
68%
oh
67%
throat
66%
underneath
66%
crumble
63%
down
62%
hands
61%
stop
61%
when
61%
plans
60%
then
60%
tie
60%
weight
60%
it
59%
both
58%
break
58%
feel
58%
friend
57%
I'm
57%
or
55%
old
54%
room
54%
felt
53%
youth
53%
foe
50%
off
47%
spirits
47%
dusting
38%
No matching quizzes found
Score Distribution
Percent of People with Each Score
Percentile by Number Answered
Your Score History
You have not taken this quiz